000 00642cam a22002293a 4500
001 21685
003 PGUSA
005 20140828083448.0
008 070605s2007||||xxu|||||s|||||000 1 eng d
040 _aPGUSA
_beng
042 _adc
050 4 _aPZ
100 1 _aCupples, George,
_cMrs,
_d1839-1898
245 1 4 _aThe Cockatoo's Story
_h[electronic resource] /
_cGeorge, Cupples
260 _bProject Gutenberg,
_c2007
506 _aPublic domain in the USA.
516 _aElectronic text
653 _aParrots -- Juvenile fiction
830 0 _aProject Gutenberg
_v21685
856 4 0 _uhttp://www.gutenberg.org/ebooks/21685
942 _cEB
999 _c250940
_d250940